La Situación estratégica de América Latina . Los Estados Unidos y la seguridad regional

Na minha lista:
Detalhes bibliográficos
Autor Corporativo: Centro Latinoamericano de Defensa y Desarme. Programa de Estudios Conjuntos de Relaciones Internacionales de América Latina
Formato: Texto
Publicado em: Santiago: CESOC
Tags: Adicionar Tag
Sem tags, seja o primeiro a adicionar uma tag!

MARC

LEADER 00000 a a2200000 04500
001 22422
003
040
020 |a 956-211-022-1  
090 |a 151701  
110 |a Centro Latinoamericano de Defensa y Desarme. Programa de Estudios Conjuntos de Relaciones Internacionales de América Latina  
245 |a La Situación estratégica de América Latina . Los Estados Unidos y la seguridad regional  
260 |a Santiago:   |b CESOC  
300 |a 350 p  
999 |c 12068  |d 12068